Worth the fighting for : (Record no. 1202)

MARC details
000 -LEADER
fixed length control field 00899cam a2200289 a 4500
005 - DATE AND TIME OF LATEST TRANSACTION
control field 20260322212051.0
008 - FIXED-LENGTH DATA ELEMENTS--GENERAL INFORMATION
fixed length control field data
010 ## - LIBRARY OF CONGRESS CONTROL NUMBER
LC control number 2002021310
020 ## - INTERNATIONAL STANDARD BOOK NUMBER
International Standard Book Number 0375505423
020 ## - INTERNATIONAL STANDARD BOOK NUMBER
International Standard Book Number 9780375505423
040 ## - CATALOGING SOURCE
Original cataloging agency DLC
Transcribing agency DLC
Modifying agency CtY
043 ## - GEOGRAPHIC AREA CODE
Geographic area code n-us---
050 00 - LIBRARY OF CONGRESS CALL NUMBER
Classification number E840.8.M467 A3 2002
099 ## - LOCAL FREE-TEXT CALL NUMBER (OCLC)
Classification number MCCAIJ
001 - CONTROL NUMBER
control field data
100 1# - MAIN ENTRY--PERSONAL NAME
Personal name McCain, John,
Dates associated with a name 1936-
245 10 - TITLE STATEMENT
Title Worth the fighting for :
Remainder of title what I learned from mavericks, heroes, and politics /
Statement of responsibility, etc. John McCain & Mark Salter.
250 ## - EDITION STATEMENT
Edition statement 1st ed.
260 ## - PUBLICATION, DISTRIBUTION, ETC.
Place of publication, distribution, etc. New York :
Name of publisher, distributor, etc. Random House,
Date of publication, distribution, etc. c2002.
300 ## - PHYSICAL DESCRIPTION
Extent xxvi, 396 p. ;
Dimensions 24 cm.
600 10 - SUBJECT ADDED ENTRY--PERSONAL NAME
Personal name McCain, John,
Dates associated with a name 1936-
610 10 - SUBJECT ADDED ENTRY--CORPORATE NAME
Corporate name or jurisdiction name as entry element United States.
Subordinate unit Senate
-- Senate
Form subdivision Biography.
650 #0 - SUBJECT ADDED ENTRY--TOPICAL TERM
Topical term or geographic name entry element Legislators
Geographic subdivision United States
Form subdivision Biography.
651 #0 - SUBJECT ADDED ENTRY--GEOGRAPHIC NAME
Geographic name United States
General subdivision Politics and government
Chronological subdivision 1981-1989.
651 #0 - SUBJECT ADDED ENTRY--GEOGRAPHIC NAME
Geographic name United States
General subdivision Politics and government
Chronological subdivision 1989-
700 1# - ADDED ENTRY--PERSONAL NAME
Personal name Salter, Mark.
Holdings
Withdrawn status Lost status Damaged status Not for loan Home library Current library Shelving location Date acquired Total checkouts Full call number Barcode Date last seen Price effective from Koha item type
        Midway Midway General stacks 22/03/2026   E840.8.M467 A3 2002 BC0011241 22/03/2026 22/03/2026 Books